| 000 | 01030nam a22002537a 4500 | ||
|---|---|---|---|
| 999 |
_c7544 _d7544 |
||
| 003 | AR-CdUCM | ||
| 008 | 190320b ||||| |||| 00| 0 spa d | ||
| 040 |
_aMUNICIPALIDAD PROVINCIAL DEL CUSCO _cBIBLIOTECA MUNICIPAL DEL CUSCO |
||
| 082 |
_a530 / _bT78 |
||
| 100 |
_aTranter, C. J. _921288 |
||
| 245 | _aTransformadas Integrales en la Física Matemática / | ||
| 260 |
_aMéxico : _bHispano Americana ; _c1964. |
||
| 300 |
_a157 páginas ; _bFórmulas _c17cm |
||
| 440 |
_aColección Manuales Uteha _n213 _921289 |
||
| 500 | _aSección 2 | ||
| 505 | _aContenido: Transformadas integrales y sus fórmulas de inversión -- La transformada de Laplace -- Transformadas de Fourier -- Transformadas de Hankel y de Mellin -- Cálculo numérico de integrales en la soluciones... | ||
| 650 |
_aEcuaciones integrales _921290 |
||
| 650 |
_aTransformadas integrales _921291 |
||
| 650 |
_aFísica _92382 |
||
| 650 |
_aMatemática _921292 |
||
| 700 |
_aWarman Gry, Josef (traducción) _921293 |
||
| 942 |
_2ddc _cLIBROS |
||
| 945 | _anom | ||